| 000 | 00670nam a2200193 4500 | ||
|---|---|---|---|
| 999 |
_c14442 _d14442 |
||
| 008 | 190920b ||||| |||| 00| 0 eng d | ||
| 020 | _a978-621-406-198-3 | ||
| 082 |
_22019 _aDFil 647.940688 _bL628 |
||
| 100 |
_aLim, Romeo D. _911666 |
||
| 245 |
_aMicro perspectives on tourism and hospitality/ _cRomeo D. Lim. |
||
| 260 |
_aIntramuros, Manila : _bMindshapers Co., Inc., _c2019. |
||
| 300 |
_axvi, 391 pages : _billustrations ; _c25 cm. |
||
| 500 | _aIncludes references. | ||
| 650 |
_aHospitality industry -- Marketing _939854 |
||
| 650 |
_aTourist trade -- Marketing _939855 |
||
| 650 |
_aTourism -- Marketing _939856 |
||
| 365 |
_b880.00 _cPhp |
||
| 942 |
_2ddc _cDFIL |
||